| 000 | 00760nam a22002415a 4500 | ||
|---|---|---|---|
| 005 | 20180118102606.0 | ||
| 008 | 161201s2016 ii frbd 000 0 eng d | ||
| 020 | _a9788123928883 | ||
| 040 |
_aEG-ScBUE _beng _cEG-ScBUE _dEG-ScBUE |
||
| 082 | 0 | 4 |
_222 _a610.73 _bGOW |
| 100 | 1 | _aGowda, Krishne. | |
| 245 | 1 | 0 |
_aPsychology for nurses / _cKrishne Gowda. |
| 250 | _a2nd ed. | ||
| 260 |
_aNew Delhi : _bCBS Publishers & Distributors, _c2016. |
||
| 300 |
_axiv, 226 p. ; _c24 cm. |
||
| 500 | _aGlossary : p. [221]-226. | ||
| 504 | _aIncludes bibliographical references. | ||
| 650 | 7 |
_2BUEsh _937366 _aNursing _xPsychological aspects. |
|
| 651 | _2BUEsh | ||
| 653 |
_bNNUR _cDecember2016 _cDecember2016 _cNovember2017 |
||
| 655 |
_vText book _933728 |
||
| 942 | _2ddc | ||
| 999 |
_c23415 _d23387 |
||